| 000 | 00390nam a2200145Ia 4500 | ||
|---|---|---|---|
| 008 | 230917s9999||||xx |||||||||||||| ||und|| | ||
| 040 |
_e12575 _aMAIN |
||
| 041 | _aEnglish | ||
| 082 | _a301.44 D26S | ||
| 100 | _aDas, Veena | ||
| 245 | 0 | _aStructure and cognition: aspects of Hindu caste and ritual | |
| 260 |
_aDelhi _bOxford University Press _c1977 |
||
| 300 | _axi,145 p. | ||
| 942 | _cBK | ||
| 999 |
_c128585 _d128585 |
||